00270nam a2200109Ia 4500003000400000008004100004100001800045245003900063260003200102300000800134650001800142OSt191201s2007 xx 000 0 und d aRONHUBBARD, L 0aIntroduction to Scientology Ethics aN. DelhibHubbard Pubc2007 a513 aGeneral Books